Gaming Quiz

Random Gaming or Pokémon Quiz

4-Letter Pokémon Quiz Stats

 Plays Quiz Updated Oct 27, 2016

Support Sporcle.
Go Orange.
Score 0/11 Timer 02:00
5 Plays Today
Pokémon % Correct
Abra
68.4%
Jynx
55.8%
Onix
54.4%
Seel
41.3%
Natu
34%
Xatu
33.4%
Aron
28.7%
Ho-Oh
27.2%
Uxie
22.2%
Axew
21%
Sawk
19.4%

You're not logged in!

Compare scores with friends on all Sporcle quizzes.
OR
Log In

From the Vault

Letters Minefield: Pixar Movies

by LTH

'Just keep swimming' is great advice until you swim into the occasional mine.
Remove Ads.
Support Sporcle.
Get the best of Sporcle when you Go Orange. This ad-free experience offers more features, more stats, and more fun while also helping to support Sporcle. Thank you for becoming a member.

Show Comments

Extras

Top Quizzes Today


Score Distribution

Your Account Isn't Verified!

In order to create a playlist on Sporcle, you need to verify the email address you used during registration. Go to your Sporcle Settings to finish the process.

Report this User

Report this user for behavior that violates our Community Guidelines.

Details: